000 00676nam a2200241Ia 4500
005 20260430150111.0
008 008 250103s9999 xx 000 0 eng d
037 _aTheses
040 _aCRL
040 _beng
040 _ceng
041 _2eng
041 _aeng
084 _qCRL
100 _aNaveen Kumar Au.; Kaur Sandeep Gu.
_91236465
245 0 _aDi- and Tri-Iron Models of the Hydrogenase active Site as Electrocatalysts for the Hydrogen Evolution Reaction
260 _c2022
300 _a211p.
650 _aChemistry
700 _aUniversity of Delhi. Faculty of Science. Deptt. of Chemistry
_91236464
942 _cTH
999 _c1848947
_d1848947